• 首页
  • 本馆介绍
  • 公告通知
  • 最新文献
  • 馆藏检索
  • 电子资源
  • 读者导购
  • 参考咨询
  • 我的图书馆
  • 登录
  • 详细信息显示
  • 放入我的书架
  • 预约/预借图书
  • 作者相关作品
  • 分类相关作品
  • 丛书相关作品
  • 出版社相关作品

书目信息

  • 表格格式
  • 工作单格式
  • 卡片格式
题名:
雅舍小品
    
 
作者: 梁实秋 著
分册:  
出版信息: 南京   江苏人民出版社  2015
页数: 272页
开本: 24cm
丛书名:
单 册:
中图分类: I266.3
科图分类:
主题词: 小品文--xiao pin wen--作品集--中国--现代
电子资源:
ISBN: 978-7-214-16710-1
000 00637nam0 22002291 450
001 0118172305
005 20170618172305.0
010    @a978-7-214-16710-1@dCNY29.80
100    @a20160107d2015 em y0chiy50 ea
101 0  @achi
102    @aCN@b320000
105    @ay z 000cy
106    @ar
200 1  @a雅舍小品@Aya she xiao pin@f梁实秋著
210    @a南京@c江苏人民出版社@d2015
215    @a272页@d24cm
300    @a含章文库
606 0  @a小品文@Axiao pin wen@x作品集@y中国@z现代
690    @aI266.3@v5
701  0 @a梁实秋@Aliang shi qiu@f(1902~1987)@4著
801  0 @aCN@bTANGWEI@c20170615
905    @b1009251-6@dI266.3@e2427@f6
    
    雅舍小品/梁实秋著.-南京:江苏人民出版社,2015
    272页;24cm
    含章文库
    
    ISBN 978-7-214-16710-1:CNY29.80
    
●
相关链接 在E读中查询图书 在五车中查询图书 在当当中查询图书 在豆瓣中查询图书


正题名:雅舍小品     索取号:I266.3/2427         预约/预借

序号 登录号 条形码 馆藏地/架位号 状态 备注
1 1009251   210092512   第一样本阅览室/ [索取号:I266.3/2427] 在馆    
2 1009252   210092521   教育系资料室/ [索取号:I266.3/2427] 在馆    
3 1009253   210092530   教育系资料室/ [索取号:I266.3/2427] 在馆    
4 1009254   210092549   教育系资料室/ [索取号:I266.3/2427] 在馆    
5 1009255   210092558   第二借阅区/ [索取号:I266.3/2427] 在馆    
6 1009256   210092567   第二借阅区/ [索取号:I266.3/2427] 在馆    
唐山师范学院图书馆 欢迎您!
大连网信软件有限公司© 版权所有